Quizzes
Events
Quiz Creation
Community
Videos
Private Events
Remove Ads
Sign In
Join for FREE
Feedback
Dark Mode
Quiz Categories
Sports
Geography
Music
Movies
Television
Just For Fun
Miscellaneous
History
Literature
Language
Science
Gaming
Entertainment
Religion
Holiday
For Kids
Quiz Lab
Recent
Popular Today
Quiz Kudos Today
Editor Picks
Curator Picks
Quizzes by...
Day
Popularity
Type
Ratings
Length
Year
Community
Subscriptions
Recent Discussions
Orange Saloon
Badges
Playlists
Quests
Create
Leaderboards
Showdown
Live 5
Trivia Bingo
Activity
Puzzle Library
Sporcle Events
Private Events
Virtual Trivia
Globe League
Become a Host
Pub Owners
SporcleCon
Opinionation
Our Games
Videos
Blog
Mobile Apps
Partnerships
Remove Ads and Go Orange
Feedback
Sports
Athletes
MLB
NBA
NHL
NFL
Soccer
Sports Teams
WWE
NCAA
Football
Premier League
Basketball
Baseball
Hockey
Golf
Tennis
Cricket
Rugby
Auto Racing
Olympics
World Cup
Sports
Athletes
MLB
NBA
NHL
NFL
Soccer
Sports Teams
WWE
NCAA
Football
Premier League
Basketball
Baseball
Hockey
Golf
Tennis
Cricket
Rugby
Auto Racing
Olympics
World Cup
Random Quiz
Search Sporcle
×
Quiz Lab
Quiz Lab
Sports
Nintendo
Type in answers that appear in a list
Type in answers that appear in a list
Classic
Best Score? Go Orange.
2009 Minnesota Vikings Roster Stats
Can you name the 2009 Minnesota Vikings Roster?
By
dhribnick
10m
53 Questions
573 Plays
573 Plays
573 Plays
Comments
Comments
Give Quiz Kudos
Give Quiz Kudos
-
- Ratings
hide this ad
Replay
Link that replays current quiz
Next Quiz
Link to next quiz in quiz playlist
You Got
0%
They Got
Avg Score
59%
Avg Friend Score
Upgrade to see
Score Distribution
Jump to the score distribution portion of the page
Score
0/53
Timer
10:00
0
Plays Today
Number
Player
% Correct
4
Brett Favre
97%
28
Adrian Peterson
94.8%
94
Pat Williams
92.5%
93
Kevin Williams
92.3%
18
Sidney Rice
91.4%
20
Madieu Williams
91.3%
69
Jared Allen
90.6%
21
Asher Allen
89.4%
12
Percy Harvin
89.2%
7
Tarvaris Jackson
86.6%
56
E.J. Henderson
83.8%
52
Chad Greenway
83.2%
50
Erin Henderson
82.9%
8
Ryan Longwell
82.5%
29
Chester Taylor
78.9%
87
Bernard Berrian
78.5%
26
Antoine Winfield
77.8%
5
Chris Kluwe
75.7%
81
Visanthe Shiancoe
73.1%
25
Tyrell Johnson
68.9%
76
Steve Hutchinson
68.9%
11
Jaymar Johnson
68.8%
51
Ben Leber
68.6%
91
Ray Edwards
66.1%
74
Bryant McKinnie
65.8%
23
Cedric Griffin
65.6%
71
Phil Loadholt
65.6%
Number
Player
% Correct
2
Sage Rosenfels
63.9%
40
Jim Kleinsasser
60.9%
65
John Sullivan
59%
17
Greg Lewis
58.8%
96
Brian Robison
55.1%
64
Anthony Herrera
49.9%
62
Ryan Cook
46.8%
38
Naufahu Tahi
44.5%
54
Jasper Brinkley
42.6%
59
Heath Farwell
39.4%
22
Benny Sapp
38.4%
98
Letroy Guion
37.9%
33
Jamarce Sanford
36.8%
83
Jeff Dugan
35.4%
90
Fred Evans
34.6%
39
Husain Abdullah
33.7%
46
Cullen Loeffler
29.3%
79
Artis Hicks
27.6%
34
Albert Young
27.4%
73
Jimmy Kennedy
27.1%
37
Eric Frampton
23.4%
82
Darius Reynaud
23.4%
41
Karl Paymah
18.3%
55
Kenny Onatolu
17.8%
68
Jon Cooper
17.3%
92
Jayme Mitchell
17.3%
Quiz Playlist
Details
Report
Send in Message
Add To Playlist
Classic:
Type in answers that appear in a list
Last Updated: Feb 16, 2017
Quiz Scoreboard
CHALLENGE
Sign Up to Join the Scoreboard
Show All
Scores
Hide
Comments
May contain spoilers
Recently Published
One Thing in Common: World Cities II
by knightlancer
Geography
7m
Popular People in 1961
by mucciniale
History
6m
1-10 Letter E Words III
by El_Dandy
Language
2m
More to Explore
Quiz From the Vault
Featured Blog Post
Where Did the Easter Bunny Come From?
hide this ad
You Might Also Like...
Tags
Nintendo Quiz
Numbers Quiz
2009
minnesota
Minnesota Vikings
Player
Roster
Viking
Today's Top Quizzes in Sports
Browse Sports
hide this ad
Today's Top Quizzes in Nintendo
Browse Nintendo
Top Contributed Quizzes in Sports
1
Les meilleurs buteurs des matchs entre le PSG et l’OM
2
Les entraîneurs de l'OM et du PSG au 21e siècle
3
2022 World Cup Stars
4
FIFA Club World Cup Champions
5
Name the Premier League winners with different clubs
6
La finale Lions - Afrique du Sud 2021
7
Criteria MLB: Left Handed Sluggers
8
Players with Multiple 50 Home Run Seasons
9
MLB Players with Two .350 Batting Average Seasons
10
MLB Hall of Famer by Rings
Explore More
Trending Topics
Disney
Anime
Harry Potter
NBA
Kpop
Crossword
Marvel
NFL
Puzzle
The Office
Song
Soccer
WWE
Country
Pokémon
hide this ad
More By:
dhribnick
Quiz
Plays
Rating
Category
Featured
Created
The 1998 Minnesota Vikings
1,104
4.00
Sports
Sep 23, 2009
2009 Minnesota Vikings Roster
573
2.33
Sports
Dec 7, 2009
MN Vikings First Round Draft Choices
219
4.00
Sports
Nov 22, 2009
Go to Creator's Profile
Score Distribution
Quiz Creator Spotlight
dhribnick
Follow
Send a Message
Quizzes Created
-
Created Quiz Play Count
-
More By This Creator
Popular Quizzes Today
1
Find the US States - No Outlines Minefield
2
The Countries of the World
3
Popular People in 1961
4
Find the Countries of Europe - No Outlines Minefield
5
1-10 Letter E Words III
6
Find the US States
7
One Thing in Common: World Cities II
8
US States
More Sports Quizzes
Eredivisie XI: Ajax 1994/95
Quiz Lab
Trending Quizzes
1-10 Letter F Words
1-10 Letter G Words
Risky Map Clicking: Next State Alphabetically
1-10 Letter F Words II
Risky Map Clicking: States by Unique Starting Letters
Recently Updated
Leaping Animals
pecheneg
Reality TV Shows (A-Z)
bhenderson79
Rickey Henderson's Hall of Fame Teammates
pecheneg
Champions League XIs: Arsenal
pecheneg
Quick Pick: Celebrities in WWE's Hall of Fame
aduchscher
A-Z Keypad Blitz II
pecheneg
Multiple Oscar Actors
pecheneg
Mystery Phrase Blitz: Oscar 'Best Actors'
pecheneg
F. Scott Fitzgerald Novels
LTH
Pick 3 Villains
ddd62291
Trending Topics
Disney
NBA
Anime
Harry Potter
Crossword
Kpop
Marvel
Pokémon
WWE
Song
Puzzle
The Office
Soccer
Country
NFL
Your Account Isn't Verified!
In order to create a playlist on Sporcle, you need to verify the email address you used during registration. Go to your
Sporcle Settings
to finish the process.
Report this User
Report this user for behavior that violates our
Community Guidelines
.
Details:
Send Report
Go to the Sporcle.com Mobile Site →
Comments